Normal view
MARC view
Entry Personal Name
001 - CONTROL NUMBER
- control field: 21857
003 - CONTROL NUMBER IDENTIFIER
- control field: ARRUPE
005 - DATE AND TIME OF LATEST TRANSACTION
- control field: 20160127150111.0
008 - FIXED-LENGTH DATA ELEMENTS
- fixed length control field: 160127|| aca||aabn | a|a d
040 ## - CATALOGING SOURCE
- Original cataloging agency: ARRUPE
- Transcribing agency: ARRUPE
100 ## - HEADING--PERSONAL NAME
- Personal name: Rhodes, Cecil John.
670 ## - SOURCE DATA FOUND
- Source citation: Work cat.: (ARRUPE)0: Rhodes, Cecil, 1853-1902. 21856, The last will and testament of Cecil John Rhodes, 1902.